| 000 | 00554nam a2200193Ia 4500 | ||
|---|---|---|---|
| 999 |
_c22748 _d22748 |
||
| 003 | OSt | ||
| 005 | 20200512114059.0 | ||
| 008 | 190216s9999||||xx |||||||||||||| ||und|| | ||
| 020 | _a9788182711204 | ||
| 040 | _coclc | ||
| 082 |
_a320.532 _bSID/M |
||
| 100 |
_aSiddiqi, Mazharuddin _91939 |
||
| 245 | 0 |
_aMarxism Islam / _cMazharuddin Siddiqi |
|
| 250 | _a3rd ed. | ||
| 260 |
_bIslamic Publishing House, _aKozhikode: _c2005. |
||
| 300 | _a154p | ||
| 650 | _xPolitical Science | ||
| 942 |
_cBK _2ddc _h320.532 _iSID/M _k320.532 _mSID/M |
||